Mikroprocessory. Spravočnoje posobije dľa rozrabotnikov sudovoj REA

Salvato in:
Dettagli Bibliografici
Natura: Libro
Lingua:russo
Pubblicazione: Leningrad : Sudostrojenije, 1987
Tags: Aggiungi Tag
Nessun Tag, puoi essere il primo ad aggiungerne!!

MARC

LEADER 00000nam a22000003a 4500
001 stu4776
005 20141122103700.6
008 931105s1987----xxr-----------------rus-d
040 |a STU  |b slo 
041 0 |a rus 
044 |a xxr 
080 |a 681.326-181.4 
245 |a Mikroprocessory. Spravočnoje posobije dľa rozrabotnikov sudovoj REA 
260 |a Leningrad :  |b Sudostrojenije,  |c 1987 
300 |a 519 s 
996 |c I*2C3733  |l I  |s A  |a 24  |w stu4776_0002